|
|
|
|
| LEADER |
01077nam a22002657a 4500 |
| 001 |
33325 |
| 003 |
BD-DhAAL |
| 005 |
20180715113845.0 |
| 008 |
180715t2001 xxua|||| |||| 00| 0 eng d |
| 999 |
|
|
|c 39774
|d 39774
|
| 040 |
|
|
|a BD-DhAAL
|
| 082 |
|
|
|a 694.0218
|2 21
|
| 245 |
|
|
|a WFCM :
|b wood frame construction manual for one- and two-family dwellings /
|c American Wood Council ; American Forest & Paper Association
|
| 260 |
|
|
|a Washington, D.C. :
|b American Wood Council,
|c 2001
|
| 300 |
|
|
|a 322 pages :
|b illustrations ;
|c 28 cm
|
| 526 |
|
|
|a ARC
|
| 541 |
|
|
|e 33325
|
| 650 |
|
|
|a Building, Wooden
|v Specifications
|9 27278
|
| 650 |
|
|
|a Building, Wooden
|v Tables
|9 27279
|
| 650 |
|
|
|a House construction
|9 27280
|
| 710 |
|
|
|a American Wood Council
|9 27281
|
| 710 |
|
|
|a American Forest & Paper Association
|9 27282
|
| 852 |
|
|
|a Department of Architecture
|c General Stacks
|
| 942 |
|
|
|2 ddc
|c BK
|
| 952 |
|
|
|0 0
|1 0
|2 ddc
|4 0
|6 694_021800000000000_WFC
|7 0
|9 63802
|a BRACUL
|b BRACUL
|c GEN
|d 2018-07-15
|l 0
|o 694.0218 WFC
|p 3010033325
|r 2018-07-15
|t 1
|w 2018-07-15
|y BK
|x Transferred from ARC to BRACUL on 28/12/2023
|